| 000 | 00824nam a2200205 a 4500 | ||
|---|---|---|---|
| 001 | 000505682 | ||
| 003 | AM-YeHGA | ||
| 005 | 20250617162135.0 | ||
| 008 | 061025s1902 ||||||||||||||||||||rus d | ||
| 040 | _aAM-YeHGA | ||
| 041 | 1 |
_arus _hger |
|
| 100 | 1 | _aВундт, Вильгельм | |
| 245 | 1 | 0 |
_aВведение в философию : _bПер. с нем. / _cВильгельм Вундт ; Пер. с нем. С.С. Штейнберга и С.Д. Львова. |
| 260 |
_aС.-Петербургъ : _bИзд. ред. журнала "Образование" _fТипо-литогр. А.А. Лейферта, Б. Морская _c1902. |
||
| 300 | _a308 с. | ||
| 650 | 1 | 4 | _aФилософия |
| 700 | 1 |
_aШтейнберг, С.С. _eпер. _4trl |
|
| 700 | 1 |
_aЛьвов, С.Д _eпер. _4trl |
|
| 090 | _c487247 | ||
| 999 |
_c483891 _d483891 |
||